000 00794nam a2200205Ii 4500
003 JO-AjNU
008 230605s9999||||xx |||||||||||||| ||und||
040 _aJO-AjNU
_bara
_erda
_cJO-AjNU
041 _aara
050 1 4 _aAM141.J6612.1985
100 3 _aجونسون ،ئي.فيرنر ؛ هوركان، جوان سي مترجم، سعيد، ريا عثمان مترجم ,
_eauthor
_935447
245 0 0 _aالمجاميع المتحفية واساليب خزنها
264 3 1 _aبغداد: دار افاق عربية للصحافة والنشر ،1985
300 _a148ص
336 _atext
_btxt
_2rdacontent
337 _aunmediated
_bn
_2rdamedia
338 _avolume
_bnc
_2rdacarrier
490 0 _aسلسلة الصيانة العلمية
650 4 _aمتاحف-مجموعات
_935448
999 _aA14636
_c18204
_d18204